000 00605nam a2200169Ia 4500
008 090711s9999 xx 000 0 und d
082 _b66507
100 _aपेंढारकर श्रीकांत
245 _aबाबूराव नावाSो झुंबर
260 _c1990
300 _a381
600 _aपेंढारकर श्रीकांत
630 _aबाबूराव नावाSो झुंबर
700 _aपेंढारकर श्रीकांत
730 _aबाबूराव नावाSो झुंबर
942 _cBOOK
999 _c308277
_d308277